Video Games - Sudden Death - Statistics

General Stats
  • This quiz has been taken 7,289 times
    1,229 since last reset
  • The average score is 25 of 47
Answers on the Grid
Answers color-coded by a green-red scale on the quiz's grid according to % correct below.
Super Mario Bros.
Assassin's Creed
Sonic the Hedgehog
Alphaville
Ghost of Tsushima
Mortal Kombat
Saving Private Ryan
Amadeus
Blue Velvet
Fable
Taste of Cherry
Fargo
Donkey Kong
Ratchet & Clank
Black Swan
Shenmue
Requiem for a Dream
Pac-Man
Doctor Zhivago
Midnight Cowboy
Crimson Peak
Ninja Gaiden
Tetris
Last Tango in Paris
God of War
To Kill a Mockingbird
Comix Zone
Eyes Wide Shut
Duck Hunt
Kramer vs. Kramer
Saints Row
Chariots of Fire
Gran Turismo
Raging Bull
Million Dollar Baby
Gosford Park
Elden Ring
Goodfellas
Crash Bandicoot
Hitman
A Fish Called Wanda
Full Metal Jacket
Rain Man
Pan's Labyrinth
Citizen Kane
Gears of War
Half-Life
Grand Theft Auto V
The Death of Stalin
The Legend of Zelda
Call of Duty
The Last of Us
Almost Famous
Doom
Battleship Potemkin
Spyro the Dragon
Portal
Mystic River
Kingdom Hearts
Minecraft
Halo 2
Mulholland Drive
Parallel Mothers
Collateral
The Sims
Minari
Streets of Rage 2
Tomb Raider
Max Payne
Bridge of Spies
Guitar Hero
Snowpiercer
Deus Ex
Jarhead
Run Lola Run
Age of Empires
Zero Dark Thirty
Contra
Devil May Cry
Get Carter
Fallout
Midnight in Paris
Anora
World of Warcraft
Rashomon
Tekken
La La Land
Rayman
Gone with the Wind
Ecco the Dolphin
Roman Holiday
The Last Emperor
Splatterhouse
 
Answer Stats
Answer % Correct
Super Mario Bros.
75%
Assassin's Creed
73%
Mortal Kombat
71%
Pac-Man
71%
Sonic the Hedgehog
71%
Tetris
69%
Donkey Kong
68%
Call of Duty
67%
Grand Theft Auto V
66%
God of War
65%
Minecraft
65%
Halo 2
64%
The Last of Us
64%
The Legend of Zelda
64%
Elden Ring
63%
The Sims
63%
World of Warcraft
63%
Fallout
62%
Tomb Raider
62%
Doom
59%
Ghost of Tsushima
59%
Guitar Hero
59%
Crash Bandicoot
57%
Hitman
57%
Portal
56%
Half-Life
53%
Tekken
53%
Gran Turismo
52%
Ratchet & Clank
52%
Gears of War
51%
Age of Empires
50%
Duck Hunt
50%
Kingdom Hearts
50%
Spyro the Dragon
47%
Rayman
45%
Saints Row
45%
Devil May Cry
43%
Fable
41%
Max Payne
38%
Ninja Gaiden
38%
Streets of Rage 2
36%
Deus Ex
32%
Contra
27%
Shenmue
19%
Ecco the Dolphin
16%
Splatterhouse
11%
Comix Zone
9%
No matching quizzes found
Score Distribution
Percent of People with Each Score
Percentile by Number Answered
Your Score History
You have not taken this quiz since the last reset